les 10 pays qui mangent le plus de viande - Statistiques

Statistiques générales
  • Ce quiz a été pris 387 fois
  • Le résultat moyen est 7 sur 10
Statistiques - réponses
Hint Réponse % Correct
10 FRANCE
99%
2 USA
96%
6 ESPAGNE
86%
9 ALLEMAGNE
84%
8 CANADA
83%
7 BRESIL
82%
5 ARGENTINE
73%
3 AUSTRALIE
65%
4 MONGOLIE
13%
1 HONG KONG
2%
Aucun quiz correspondant
Distribution des résultats
% des personnes avec chaque résultat
Percentile par nombre de réponses
Votre historique - résultats
Vous n’avez pas pris ce quiz